[Event "106th British-ch 2019"]
[Site "Torquay"]
[Date "2019.08.03"]
[Round "8.1"]
[White "Haria, Ravi"]
[Black "Howell, David W L"]
[Result "1/2-1/2"]
[WhiteElo "2430"]
[BlackElo "2697"]
[Annotator "TA"]
[PlyCount "178"]
[EventDate "2019.07.27"]
[EventType "swiss"]
[EventCountry "GBR"]
[SourceTitle "playchess.com"]
[Source "ChessBase"]
[SourceQuality "1"]

{[%evp 10,178,31,6,9,11,18,18,18,14,21,16,27,27,18,10,24,25,29,29,29,29,30,18,68,29,54,49,70,77,76,60,67,47,49,46,46,47,43,32,53,53,49,38,64,56,67,29,29,29,37,29,29,29,29,29,38,0,29,0,38,0,38,35,36,36,73,0,0,0,0,0,0,0,22,0,14,0,0,0,0,0,0,0,0,0,0,0,0,0,0,-5,0,0,0,0,0,0,0,0,0,0,0,0,0,0,0,0,0,0,0,0,0,0,0,0,0,0,0,0,0,0,0,0,0,0,0,0,0,0,0,0,0,0,0,0,0,0,0,0,0,0,0,0,0,0,0,0,0,0,0,0,0,0,0,0,0,0,0,0,0,0,0,0,0,0,0,0,0,0,0]} 1. e4 c6 2. Nc3 d5 3. Nf3 Bg4 4. h3 Bxf3 5. Qxf3 e6 6. Be2 Nf6 {B11: Caro-Kann: Two Knights Variation} 7. O-O Bc5 8. Rd1 (8. d3 O-O 9. Qg3 Bd4 10. Qh4 Nfd7 11. Qxd8 {½-½ (11) Buhmann,R (2568)-Rodshtein,M (2673) Skopje 2019}) 8... Bd4 9. exd5 cxd5 10. Bb5+ Nc6 11. Ne2 $36 {[%mdl 2048] White has good play.} Bb6 12. d4 Ne4 13. Ng3 {[#]} Nxg3 $146 ({Predecessor:} 13... f5 14. Nxe4 dxe4 {½-½ (33) Ratsma,R (2295)-Yevseev,D (2514) Krakow 2017}) 14. Qxg3 O-O 15. c3 Bc7 16. Qf3 Qf6 17. Qg4 Qg6 18. Bd3 f5 19. Qxg6 hxg6 20. Bg5 Rac8 21. Rac1 Bd8 22. h4 Kf7 23. g3 Bxg5 24. hxg5 a6 25. Kg2 Na5 26. Rc2 Rc6 27. Re2 Rb8 28. Rde1 b5 29. a3 Ke7 30. g4 {[#] Black must now prevent gxf5.} Kf7 31. Kg3 Nc4 32. f3 Nb6 33. Re3 Na4 34. R3e2 Nb6 35. Re3 Na8 36. Kf4 Nc7 37. Bf1 a5 38. b3 ({White should try} 38. Bd3 $16) 38... Rh8 $11 {The position is equal.} 39. Kg3 Ke7 40. Rc1 Kd6 41. Re5 Rb6 42. Bd3 a4 43. b4 Rbb8 44. Ree1 Kd7 45. Rh1 Rhg8 46. gxf5 gxf5 47. Kf4 Ne8 48. Ke3 Nd6 49. Rh2 Rbc8 50. Kd2 Rh8 51. Rch1 Rxh2+ 52. Rxh2 {[%mdl 4096] Endgame KRB-KRN} Ke7 53. Rh3 Kf7 54. Be2 Rb8 55. f4 Kg8 56. Bf1 Rb6 57. Be2 Rb7 58. Bf1 Rb8 59. Be2 Ne4+ 60. Kc2 g6 61. Bf1 Kg7 62. Be2 Nd6 63. Bf1 Rh8 64. Rxh8 Kxh8 {KB-KN} 65. Be2 Kg7 66. Bf1 Kf7 67. Be2 Ke7 68. Bf1 Kd7 69. Be2 Kc6 70. Bf1 Ne4 {[#] ...Ng3 is the strong threat.} 71. Be2 Nd6 72. Bf1 Kb6 73. Bd3 Ne4 74. Be2 $1 Kc6 75. Kd3 Kb6 76. Kc2 Nf2 {And now ...Nh3 would win.} 77. Kd2 Kc6 78. Ke3 Ne4 79. Kd3 Kb7 80. Kc2 Kc6 81. Kd3 Ng3 82. Bf3 Kd7 83. Be2 Kc7 84. Kd2 Kb6 85. Kd3 Ne4 86. Kc2 Ng3 87. Kd3 Kb7 88. Kd2 Nxe2 89. Kxe2 Ka8 {Accuracy: White = 73%, Black = 64%.} 1/2-1/2

[Event "106th British-ch 2019"]
[Site "Torquay"]
[Date "2019.08.03"]
[Round "8.2"]
[White "Adams, Michael"]
[Black "Pert, Richard G"]
[Result "1-0"]
[WhiteElo "2690"]
[BlackElo "2430"]
[Annotator "TA"]
[PlyCount "61"]
[EventDate "2019.07.27"]
[EventType "swiss"]
[EventCountry "GBR"]
[SourceTitle "playchess.com"]
[Source "ChessBase"]
[SourceQuality "1"]

{[%evp 9,61,3,17,5,14,0,12,2,28,6,7,26,16,20,22,18,22,23,30,44,33,20,118,135,104,94,112,118,143,141,205,208,439,444,613,583,595,611,606,590,736,718,693,707,925,914,1026,1026,1172,1147,1405,1414,29985,29986]} 1. e4 c6 2. d4 d5 3. e5 c5 4. Nf3 Nc6 (4... cxd4 5. Nxd4 e6 6. Nd2 Ne7 7. Bd3 Nec6 8. N2f3 Nxd4 9. Nxd4 Nc6 10. Nf3 Bc5 11. O-O h6 12. c3 a6 13. Re1 {1-0 (57) Jones,G (2682)-Indjic,A (2620) St Petersburg 2018}) 5. c4 cxd4 6. Nxd4 {B12: Caro-Kann: Advance Variation} e6 7. Nc3 Bc5 8. Nxc6 {The position is equal.} bxc6 9. Be2 Ne7 10. O-O Ng6 11. Na4 Be7 12. f4 O-O $146 13. Be3 f6 14. exf6 Bxf6 15. Bd3 d4 (15... Re8 $11) 16. Bd2 $16 e5 {[#]} 17. Qh5 $1 {And now fxe5 would win.} exf4 18. Bxf4 Qd7 {[#]} 19. h3 $1 Qf7 (19... Be7 $16) 20. Nc5 $18 Be7 $2 {[#]} (20... Re8 {is a better defense.} 21. Rad1 Be6) 21. Bd6 $1 {[%mdl 512]} Qe8 (21... Bxd6 22. Rxf7) 22. Rfe1 {Black must now prevent Rxe7!} Rf7 23. Bxg6 hxg6 24. Qe5 {[%mdl 64] Double Attack} Kf8 25. Qxd4 {Hoping for Rxe7.} Kg8 26. Qe5 Kf8 27. Re3 a5 28. Rae1 Ra7 29. Qg5 Qd8 {[#]} 30. Qh4 $1 {[%cal Rh4h8]} Ke8 31. Bxe7 {Accuracy: White = 88%, Black = 37%.} 1-0

[Event "106th British-ch 2019"]
[Site "Torquay"]
[Date "2019.08.03"]
[Round "8.3"]
[White "Gordon, Stephen J"]
[Black "Tan, Justin Hy"]
[Result "1-0"]
[WhiteElo "2516"]
[BlackElo "2513"]
[Annotator "ChessBase"]
[PlyCount "73"]
[EventDate "2019.07.27"]
[EventType "swiss"]
[EventCountry "GBR"]
[SourceTitle "playchess.com"]
[Source "ChessBase"]
[SourceQuality "1"]
[TimeControl "40/5400+30:1800+30"]

1. c4 {[%emt 0:01:33]} c6 {[%emt 0:00:00]} 2. Nf3 {[%emt 0:00:36]} d5 {[%emt 0:00:00]} 3. e3 {[%emt 0:00:04]} Nf6 {[%emt 0:00:00]} 4. Nc3 {[%emt 0:01:09]} e6 {[%emt 0:00:05]} 5. b3 {[%emt 0:00:50]} Bd6 {[%emt 0:01:11]} 6. Bb2 {[%emt 0:00:49]} O-O {[%emt 0:03:18]} 7. Qc2 {[%emt 0:11:50]} Qe7 {[%emt 0:05:47]} 8. d4 {[%emt 0:09:15]} Nbd7 {[%emt 0:01:48]} 9. Be2 {[%emt 0:21:39]} b6 {[%emt 0:01:24]} 10. O-O {[%emt 0:01:05]} Bb7 {[%emt 0:00:05]} 11. Rfe1 {[%emt 0:05:13]} Rac8 {[%emt 0:02:45]} 12. e4 {[%emt 0:01:18]} dxe4 {[%emt 0:02:49]} 13. Nxe4 {[%emt 0:00:57]} Nxe4 {[%emt 0:14:11]} 14. Qxe4 {[%emt 0:00:02]} Nf6 {[%emt 0:00:11]} 15. Qh4 {[%emt 0:04:37]} Bb4 {[%emt 0:03:27]} 16. Red1 {[%emt 0:03:19]} Ba3 {[%emt 0:03:08]} 17. Bc3 {[%emt 0:06:39]} c5 {[%emt 0:04:29]} 18. Ne5 {[%emt 0:01:36]} Rfd8 {[%emt 0:02:42]} 19. Bh5 {[%emt 0:05:49]} Rf8 {[%emt 0:09:38]} 20. Bf3 {[%emt 0:04:26]} Bxf3 {[%emt 0:10:12]} 21. Nxf3 {[%emt 0:00:49]} cxd4 {[%emt 0:01:44]} 22. Bxd4 {[%emt 0:00:01]} Rfd8 {[%emt 0:00:18]} 23. Rd3 {[%emt 0:02:02]} Bb2 {[%emt 0:06:01]} 24. Rad1 {[%emt 0:00:32]} Bxd4 {[%emt 0:00:05]} 25. Rxd4 {[%emt 0:01:06]} h6 {[%emt 0:01:39]} 26. h3 {[%emt 0:04:43]} Kf8 {[%emt 0:01:39]} 27. Ne5 {[%emt 0:01:06]} Qc7 {[%emt 0:04:10]} 28. b4 {[%emt 0:01:58]} Ke8 {[%emt 0:04:57]} 29. Qg3 {[%emt 0:02:08]} Rxd4 {[%emt 0:02:15]} 30. Rxd4 {[%emt 0:00:02]} a5 {[%emt 0:04:30]} 31. b5 {[%emt 0:01:26]} Qc5 {[%emt 0:00:07]} 32. Nc6 {[%emt 0:01:16]} Kf8 {[%emt 0:03:33]} 33. Qd6+ {[%emt 0:00:34]} Qxd6 {[%emt 0:00:11]} 34. Rxd6 {[%emt 0:00:02]} g5 {[%emt 0:03:06]} 35. f3 {[%emt 0:01:39]} Kg7 {[%emt 0:02:20]} 36. c5 {[%emt 0:02:24]} Nd5 {[%emt 0:01:01]} 37. Rxd5 {[%emt 0:00:23]} 1-0

[Event "106th British-ch 2019"]
[Site "Torquay"]
[Date "2019.08.03"]
[Round "8.4"]
[White "Fernandez, Daniel Howard"]
[Black "Palliser, Richard Jd"]
[Result "0-1"]
[WhiteElo "2466"]
[BlackElo "2399"]
[Annotator "ChessBase"]
[PlyCount "86"]
[EventDate "2019.07.27"]
[EventType "swiss"]
[EventCountry "GBR"]
[SourceTitle "playchess.com"]
[Source "ChessBase"]
[SourceQuality "1"]
[TimeControl "40/5400+30:1800+30"]

1. f4 {[%emt 0:00:07]} d6 {[%emt 0:02:32]} 2. b3 {[%emt 0:04:36]} e5 {[%emt 0:00:39]} 3. fxe5 {[%emt 0:00:28]} dxe5 {[%emt 0:00:03]} 4. g3 {[%emt 0:02:07]} h5 {[%emt 0:03:44]} 5. Bb2 {[%emt 0:04:22]} h4 {[%emt 0:02:07]} 6. Bg2 {[%emt 0:01:37]} hxg3 {[%emt 0:00:56]} 7. hxg3 {[%emt 0:01:19]} Rxh1 {[%emt 0:00:08]} 8. Bxh1 {[%emt 0:00:03]} Qg5 {[%emt 0:00:08]} 9. Kf2 {[%emt 0:02:45]} Nf6 {[%emt 0:01:17]} 10. Nc3 {[%emt 0:11:26]} e4 {[%emt 0:21:17]} 11. e3 {[%emt 0:14:06]} Ng4+ {[%emt 0:16:01]} 12. Ke1 {[%emt 0:00:38]} Qh5 {[%emt 0:01:45]} 13. Bxe4 {[%emt 0:00:07]} Qh2 {[%emt 0:00:08]} 14. Qf3 {[%emt 0:00:02]} Qxg1+ {[%emt 0:00:11]} 15. Ke2 {[%emt 0:00:01]} Qh2+ {[%emt 0:00:20]} 16. Qg2 {[%emt 0:00:01]} Qxg2+ {[%emt 0:01:02]} 17. Bxg2 {[%emt 0:00:01]} c6 {[%emt 0:01:09]} 18. Bh3 {[%emt 0:00:02]} Na6 {[%emt 0:00:34]} 19. Ne4 {[%emt 0:00:38]} Bf5 {[%emt 0:06:49]} 20. Nf2 {[%emt 0:00:02]} Nh6 {[%emt 0:00:19]} 21. Bxf5 {[%emt 0:02:14]} Nxf5 {[%emt 0:00:39]} 22. g4 {[%emt 0:00:02]} Nd6 {[%emt 0:04:59]} 23. Rh1 {[%emt 0:00:27]} f6 {[%emt 0:02:18]} 24. g5 {[%emt 0:00:38]} fxg5 {[%emt 0:00:37]} 25. Ng4 {[%emt 0:00:55]} Nc5 {[%emt 0:03:03]} 26. c4 {[%emt 0:01:35]} Nf5 {[%emt 0:10:28]} 27. Rh8 {[%emt 0:01:23]} O-O-O {[%emt 0:01:03]} 28. d4 {[%emt 0:00:06]} Ne4 {[%emt 0:01:53]} 29. Kf3 {[%emt 0:03:49]} Nd2+ {[%emt 0:01:34]} 30. Ke2 {[%emt 0:00:19]} Ne4 {[%emt 0:00:03]} 31. Kf3 {[%emt 0:00:06]} Nf6 {[%emt 0:00:19]} 32. Nxf6 {[%emt 0:00:31]} gxf6 {[%emt 0:00:01]} 33. e4 {[%emt 0:00:30]} Nh4+ {[%emt 0:05:04]} 34. Kg4 {[%emt 0:00:23]} Be7 {[%emt 0:00:31]} 35. Rh7 {[%emt 0:00:10]} Re8 {[%emt 0:00:11]} 36. e5 {[%emt 0:01:16]} fxe5 {[%emt 0:06:02]} 37. dxe5 {[%emt 0:00:25]} Bd8 {[%emt 0:00:27]} 38. Rh6 {[%emt 0:01:52]} Rf8 {[%emt 0:02:52]} 39. Bc1 {[%emt 0:03:34]} Nf3 {[%emt 0:01:30]} 40. e6 {[%emt 0:00:30]} Ne5+ {[%emt 0:00:06]} 41. Kg3 {[%emt 0:30:28]} Rf6 {[%emt 0:32:33]} 42. Bxg5 {[%emt 0:00:18]} Rf3+ {[%emt 0:02:43]} 43. Kh4 {[%emt 0:00:12]} Rf4+ {[%emt 0:00:00]} 0-1

[Event "106th British-ch 2019"]
[Site "Torquay"]
[Date "2019.08.03"]
[Round "8.5"]
[White "Eggleston, David J"]
[Black "Emms, John M"]
[Result "0-1"]
[WhiteElo "2399"]
[BlackElo "2481"]
[Annotator "ChessBase"]
[PlyCount "160"]
[EventDate "2019.07.27"]
[EventType "swiss"]
[EventCountry "GBR"]
[SourceTitle "playchess.com"]
[Source "ChessBase"]
[SourceQuality "1"]
[TimeControl "40/5400+30:1800+30"]

1. e4 {[%emt 0:01:48]} c5 {[%emt 0:00:07]} 2. Nf3 {[%emt 0:00:05]} Nc6 {[%emt 0:00:08]} 3. d4 {[%emt 0:00:04]} cxd4 {[%emt 0:00:05]} 4. Nxd4 {[%emt 0:00:04]} g6 {[%emt 0:00:34]} 5. c4 {[%emt 0:03:26]} Nf6 {[%emt 0:00:28]} 6. Nc3 {[%emt 0:00:25]} d6 {[%emt 0:00:09]} 7. Be2 {[%emt 0:00:16]} Nxd4 {[%emt 0:00:29]} 8. Qxd4 {[%emt 0:00:22]} Bg7 {[%emt 0:00:05]} 9. Be3 {[%emt 0:00:14]} O-O {[%emt 0:00:10]} 10. Qd2 {[%emt 0:00:14]} a5 {[%emt 0:01:00]} 11. O-O {[%emt 0:00:19]} a4 {[%emt 0:00:29]} 12. Rac1 {[%emt 0:00:14]} Qa5 {[%emt 0:00:54]} 13. f4 {[%emt 0:00:41]} Bd7 {[%emt 0:01:41]} 14. h3 {[%emt 0:15:07]} Bc6 {[%emt 0:02:12]} 15. Bf3 {[%emt 0:01:22]} Nd7 {[%emt 0:25:58]} 16. Kh1 {[%emt 0:26:19]} Rfd8 {[%emt 0:09:47]} 17. Rfd1 {[%emt 0:08:56]} Nc5 {[%emt 0:08:58]} 18. Bd4 {[%emt 0:07:17]} e5 {[%emt 0:05:10]} 19. Be3 {[%emt 0:00:07]} exf4 {[%emt 0:00:22]} 20. Bxf4 {[%emt 0:00:09]} Ne6 {[%emt 0:01:07]} 21. Be3 {[%emt 0:01:53]} Qb4 {[%emt 0:08:55]} 22. Qe2 {[%emt 0:06:22]} a3 {[%emt 0:03:59]} 23. bxa3 {[%emt 0:00:20]} Qxa3 {[%emt 0:01:07]} 24. Rc2 {[%emt 0:07:05]} Be5 {[%emt 0:10:41]} 25. Nb5 {[%emt 0:02:22]} Bxb5 {[%emt 0:01:48]} 26. cxb5 {[%emt 0:00:02]} Rdc8 {[%emt 0:02:09]} 27. Rdc1 {[%emt 0:04:56]} Rxc2 {[%emt 0:00:06]} 28. Rxc2 {[%emt 0:00:10]} Nd4 {[%emt 0:03:49]} 29. Bxd4 {[%emt 0:00:06]} Bxd4 {[%emt 0:00:01]} 30. Qd1 {[%emt 0:06:38]} Be5 {[%emt 0:01:23]} 31. Qd2 {[%emt 0:01:50]} Kg7 {[%emt 0:01:24]} 32. Qf2 {[%emt 0:02:24]} Qd3 {[%emt 0:02:31]} 33. Qe2 {[%emt 0:01:07]} Qd4 {[%emt 0:00:43]} 34. Qd1 {[%emt 0:01:07]} Qb4 {[%emt 0:01:49]} 35. Qf1 {[%emt 0:01:07]} Ra3 {[%emt 0:03:14]} 36. Qe2 {[%emt 0:02:07]} Qd4 {[%emt 0:01:07]} 37. Rd2 {[%emt 0:00:38]} Qc3 {[%emt 0:00:52]} 38. Rc2 {[%emt 0:00:33]} Qa1+ {[%emt 0:01:49]} 39. Qd1 {[%emt 0:00:03]} Rxa2 {[%emt 0:00:25]} 40. Rxa2 {[%emt 0:00:52]} Qxa2 {[%emt 0:00:06]} 41. Be2 {[%emt 0:05:07]} Qa3 {[%emt 0:04:39]} 42. Bd3 {[%emt 0:01:04]} h5 {[%emt 0:01:32]} 43. Qf3 {[%emt 0:02:37]} Qc1+ {[%emt 0:03:23]} 44. Qf1 {[%emt 0:02:56]} Qe3 {[%emt 0:01:38]} 45. Qf3 {[%emt 0:00:14]} Qe1+ {[%emt 0:00:23]} 46. Bf1 {[%emt 0:01:37]} h4 {[%emt 0:07:36]} 47. Qd3 {[%emt 0:01:47]} b6 {[%emt 0:06:35]} 48. Qf3 {[%emt 0:00:55]} Kg8 {[%emt 0:00:25]} 49. Qd3 {[%emt 0:02:39]} Kh7 {[%emt 0:00:59]} 50. Qf3 {[%emt 0:00:29]} Kg7 {[%emt 0:00:03]} 51. Qd3 {[%emt 0:00:06]} Kh6 {[%emt 0:00:56]} 52. Qf3 {[%emt 0:00:12]} f6 {[%emt 0:00:13]} 53. Qd3 {[%emt 0:00:47]} Kg5 {[%emt 0:03:35]} 54. Kg1 {[%emt 0:02:49]} Bf4 {[%emt 0:01:27]} 55. Qf3 {[%emt 0:00:38]} Be3+ {[%emt 0:00:43]} 56. Kh1 {[%emt 0:00:27]} Qg3 {[%emt 0:01:51]} 57. Bd3 {[%emt 0:01:05]} Qe1+ {[%emt 0:00:20]} 58. Qf1 {[%emt 0:00:28]} Qxf1+ {[%emt 0:00:11]} 59. Bxf1 {[%emt 0:00:36]} Kf4 {[%emt 0:00:04]} 60. Bd3 {[%emt 0:00:13]} Kg3 {[%emt 0:00:51]} 61. Bc2 {[%emt 0:01:02]} f5 {[%emt 0:00:35]} 62. exf5 {[%emt 0:00:41]} gxf5 {[%emt 0:00:04]} 63. Be4 {[%emt 0:05:18]} f4 {[%emt 0:00:49]} 64. Bc6 {[%emt 0:00:28]} Bc5 {[%emt 0:00:17]} 65. Bb7 {[%emt 0:00:13]} Kf2 {[%emt 0:00:12]} 66. Kh2 {[%emt 0:00:04]} Ke2 {[%emt 0:00:23]} 67. Bc6 {[%emt 0:00:12]} Kd3 {[%emt 0:00:17]} 68. Kh1 {[%emt 0:01:01]} Kc4 {[%emt 0:00:13]} 69. Kh2 {[%emt 0:00:15]} d5 {[%emt 0:00:16]} 70. Kh1 {[%emt 0:00:04]} Be3 {[%emt 0:00:18]} 71. g4 {[%emt 0:00:19]} fxg3 {[%emt 0:00:23]} 72. Kg2 {[%emt 0:00:05]} d4 {[%emt 0:02:02]} 73. Kf1 {[%emt 0:00:16]} d3 {[%emt 0:00:48]} 74. Ke1 {[%emt 0:00:25]} Kd4 {[%emt 0:00:16]} 75. Kd1 {[%emt 0:00:17]} Bg5 {[%emt 0:00:24]} 76. Ke1 {[%emt 0:00:49]} Ke3 {[%emt 0:00:40]} 77. Bb7 {[%emt 0:00:09]} d2+ {[%emt 0:00:32]} 78. Kd1 {[%emt 0:00:06]} Kf2 {[%emt 0:00:06]} 79. Ba8 {[%emt 0:00:04]} g2 {[%emt 0:00:09]} 80. Bxg2 {[%emt 0:00:04]} Kxg2 {[%emt 0:00:05]} 0-1

[Event "106th British-ch 2019"]
[Site "Torquay"]
[Date "2019.08.03"]
[Round "8.6"]
[White "Derakhshani, Borna"]
[Black "Williams, Simon K"]
[Result "1/2-1/2"]
[WhiteElo "2300"]
[BlackElo "2468"]
[Annotator "ChessBase"]
[PlyCount "69"]
[EventDate "2019.07.27"]
[EventType "swiss"]
[EventCountry "GBR"]
[SourceTitle "playchess.com"]
[Source "ChessBase"]
[SourceQuality "1"]
[TimeControl "40/5400+30:1800+30"]

1. b3 {[%emt 0:00:00]} e5 {[%emt 0:00:38]} 2. Bb2 {[%emt 0:00:00]} Nc6 {[%emt 0:01:06]} 3. e3 {[%emt 0:00:00]} d6 {[%emt 0:01:12]} 4. c4 {[%emt 0:02:42]} g6 {[%emt 0:01:59]} 5. Nf3 {[%emt 0:02:45]} Bg7 {[%emt 0:00:44]} 6. d4 {[%emt 0:00:14]} Bf5 {[%emt 0:09:19]} 7. Nbd2 {[%emt 0:06:48]} exd4 {[%emt 0:09:38]} 8. Nxd4 {[%emt 0:00:09]} Nxd4 {[%emt 0:00:26]} 9. Bxd4 {[%emt 0:00:04]} Bxd4 {[%emt 0:00:22]} 10. exd4 {[%emt 0:00:03]} Qf6 {[%emt 0:00:34]} 11. Nf3 {[%emt 0:01:28]} g5 {[%emt 0:01:47]} 12. Bd3 {[%emt 0:06:21]} Ne7 {[%emt 0:04:59]} 13. O-O {[%emt 0:06:10]} O-O-O {[%emt 0:03:28]} 14. d5 {[%emt 0:05:37]} Bg4 {[%emt 0:02:52]} 15. Re1 {[%emt 0:04:33]} Rde8 {[%emt 0:02:22]} 16. Rc1 {[%emt 0:02:05]} Bxf3 {[%emt 0:02:21]} 17. Qxf3 {[%emt 0:00:04]} Qxf3 {[%emt 0:00:06]} 18. gxf3 {[%emt 0:00:02]} Ng6 {[%emt 0:00:16]} 19. Bxg6 {[%emt 0:00:08]} hxg6 {[%emt 0:00:05]} 20. Re3 {[%emt 0:06:31]} Kd7 {[%emt 0:01:03]} 21. Rce1 {[%emt 0:01:58]} Rxe3 {[%emt 0:01:13]} 22. fxe3 {[%emt 0:00:00]} a5 {[%emt 0:00:58]} 23. Kg2 {[%emt 0:00:00]} Ke7 {[%emt 0:03:31]} 24. Kg3 {[%emt 0:00:00]} f5 {[%emt 0:08:22]} 25. h3 {[%emt 0:03:29]} Kf6 {[%emt 0:00:19]} 26. e4 {[%emt 0:00:25]} f4+ {[%emt 0:01:15]} 27. Kg2 {[%emt 0:00:28]} Ke5 {[%emt 0:00:21]} 28. Rd1 {[%emt 0:00:22]} Ra8 {[%emt 0:02:18]} 29. a4 {[%emt 0:02:20]} Ra6 {[%emt 0:09:01]} 30. Rd3 {[%emt 0:00:09]} Rb6 {[%emt 0:00:07]} 31. Kf2 {[%emt 0:00:17]} Rb4 {[%emt 0:00:53]} 32. Ke2 {[%emt 0:00:26]} c5 {[%emt 0:00:57]} 33. Rc3 {[%emt 0:01:55]} Rb6 {[%emt 0:00:08]} 34. Rd3 {[%emt 0:00:08]} Ra6 {[%emt 0:00:30]} 35. Kf2 {[%emt 0:00:13]} 1/2-1/2

[Event "106th British-ch 2019"]
[Site "Torquay"]
[Date "2019.08.03"]
[Round "8.7"]
[White "Arkell, Keith C"]
[Black "Wadsworth, Matthew J"]
[Result "1-0"]
[WhiteElo "2461"]
[BlackElo "2418"]
[Annotator "ChessBase"]
[PlyCount "83"]
[EventDate "2019.07.27"]
[EventType "swiss"]
[EventCountry "GBR"]
[SourceTitle "playchess.com"]
[Source "ChessBase"]
[SourceQuality "1"]
[TimeControl "40/5400+30:1800+30"]

1. c4 {[%emt 0:00:16]} e5 {[%emt 0:01:28]} 2. Nc3 {[%emt 0:00:05]} Bb4 {[%emt 0:01:06]} 3. g3 {[%emt 0:00:22]} Bxc3 {[%emt 0:02:34]} 4. bxc3 {[%emt 0:00:05]} Nc6 {[%emt 0:01:12]} 5. Bg2 {[%emt 0:00:07]} Nf6 {[%emt 0:02:30]} 6. e4 {[%emt 0:00:11]} d6 {[%emt 0:01:46]} 7. d3 {[%emt 0:00:09]} O-O {[%emt 0:09:46]} 8. Ne2 {[%emt 0:00:17]} a6 {[%emt 0:06:59]} 9. a4 {[%emt 0:00:06]} Be6 {[%emt 0:28:28]} 10. O-O {[%emt 0:07:05]} Qc8 {[%emt 0:00:05]} 11. f4 {[%emt 0:00:21]} exf4 {[%emt 0:01:28]} 12. Nxf4 {[%emt 0:04:40]} Ne5 {[%emt 0:01:35]} 13. h3 {[%emt 0:03:22]} Ng6 {[%emt 0:07:03]} 14. Kh2 {[%emt 0:00:52]} Rb8 {[%emt 0:00:38]} 15. a5 {[%emt 0:01:56]} Re8 {[%emt 0:03:41]} 16. Be3 {[%emt 0:05:48]} Ne5 {[%emt 0:04:49]} 17. Ba7 {[%emt 0:02:01]} Ra8 {[%emt 0:00:21]} 18. Bd4 {[%emt 0:00:09]} Nfd7 {[%emt 0:05:49]} 19. Qd2 {[%emt 0:08:49]} Nc5 {[%emt 0:01:46]} 20. Qe3 {[%emt 0:01:06]} Ncd7 {[%emt 0:02:51]} 21. Qd2 {[%emt 0:08:12]} Nc5 {[%emt 0:01:43]} 22. Rab1 {[%emt 0:00:26]} Bd7 {[%emt 0:02:32]} 23. Rf2 {[%emt 0:02:20]} Ne6 {[%emt 0:02:32]} 24. Nh5 {[%emt 0:03:37]} f6 {[%emt 0:03:34]} 25. Be3 {[%emt 0:03:47]} Rf8 {[%emt 0:00:20]} 26. Nf4 {[%emt 0:04:18]} c6 {[%emt 0:00:28]} 27. Qd1 {[%emt 0:03:40]} Ng5 {[%emt 0:02:01]} 28. Bd4 {[%emt 0:02:59]} Rf7 {[%emt 0:01:01]} 29. Rfb2 {[%emt 0:01:58]} Be6 {[%emt 0:01:13]} 30. Qf1 {[%emt 0:02:09]} Re7 {[%emt 0:02:05]} 31. h4 {[%emt 0:01:21]} Ng4+ {[%emt 0:00:13]} 32. Kh1 {[%emt 0:00:21]} Nf7 {[%emt 0:00:17]} 33. Nxe6 {[%emt 0:00:15]} Qxe6 {[%emt 0:01:19]} 34. Rxb7 {[%emt 0:00:20]} Rxb7 {[%emt 0:00:41]} 35. Rxb7 {[%emt 0:00:06]} c5 {[%emt 0:00:46]} 36. Bg1 {[%emt 0:02:43]} Nfe5 {[%emt 0:00:30]} 37. Qf5 {[%emt 0:02:21]} Qxf5 {[%emt 0:00:17]} 38. exf5 {[%emt 0:00:04]} Nxd3 {[%emt 0:00:39]} 39. Bd5+ {[%emt 0:00:22]} Kh8 {[%emt 0:00:07]} 40. Rb6 {[%emt 0:01:06]} Re8 {[%emt 0:00:52]} 41. Rxa6 {[%emt 0:30:44]} h5 {[%emt 0:30:13]} 42. Ra8 {[%emt 0:00:59]} 1-0

[Event "106th British-ch 2019"]
[Site "Torquay"]
[Date "2019.08.03"]
[Round "8.8"]
[White "Houska, Jovanka"]
[Black "Rudd, Jack"]
[Result "1-0"]
[WhiteElo "2422"]
[BlackElo "2275"]
[Annotator "NA"]
[PlyCount "87"]
[EventDate "2019.07.27"]
[EventType "swiss"]
[EventCountry "GBR"]
[SourceTitle "playchess.com"]
[Source "ChessBase"]
[SourceQuality "1"]
[TimeControl "40/5400+30:1800+30"]

1. d4 {[%emt 0:00:15]} Nf6 {[%emt 0:00:00]} 2. Nf3 {[%emt 0:00:18]} e6 {[%emt 0:00:00]} 3. Bf4 {[%emt 0:01:31]} c5 {[%emt 0:00:40]} 4. e3 {[%emt 0:00:05]} Qb6 {[%emt 0:00:40]} 5. Qc1 {[%emt 0:03:19]} Nh5 {[%emt 0:02:09]} 6. Bg3 {[%emt 0:02:09]} Nxg3 {[%emt 0:01:37]} 7. hxg3 {[%emt 0:00:04]} cxd4 {[%emt 0:00:47]} 8. exd4 {[%emt 0:00:04]} Nc6 {[%emt 0:00:08]} 9. c3 {[%emt 0:00:06]} g6 {[%emt 0:00:16]} 10. Nbd2 {[%emt 0:01:07]} Bg7 {[%emt 0:01:48]} 11. Bd3 {[%emt 0:00:19]} Qc7 {[%emt 0:00:49]} 12. Qc2 {[%emt 0:01:46]} b6 {[%emt 0:01:49]} 13. O-O-O {[%emt 0:05:56]} Bb7 {[%emt 0:00:20]} 14. Kb1 {[%emt 0:14:59]} O-O-O {[%emt 0:00:16]} 15. Ng5 {[%emt 0:01:52]} d6 {[%emt 0:01:54]} 16. Nxh7 {[%emt 0:02:32]} e5 {[%emt 0:01:39]} 17. d5 {[%emt 0:01:12]} Nb8 {[%emt 0:00:40]} 18. c4 {[%emt 0:10:11]} Qe7 {[%emt 0:01:46]} 19. g4 {[%emt 0:11:15]} Na6 {[%emt 0:02:28]} 20. g5 {[%emt 0:01:01]} Nb4 {[%emt 0:01:59]} 21. Qb3 {[%emt 0:00:05]} Nxd3 {[%emt 0:00:12]} 22. Qxd3 {[%emt 0:00:03]} Kb8 {[%emt 0:00:12]} 23. Ne4 {[%emt 0:00:23]} Bc8 {[%emt 0:01:34]} 24. f3 {[%emt 0:01:23]} Bf5 {[%emt 0:01:32]} 25. g4 {[%emt 0:02:09]} Bxe4 {[%emt 0:02:19]} 26. fxe4 {[%emt 0:00:15]} Rc8 {[%emt 0:01:09]} 27. b3 {[%emt 0:06:46]} Rc7 {[%emt 0:00:48]} 28. Rdf1 {[%emt 0:00:23]} Rhc8 {[%emt 0:00:18]} 29. Rh3 {[%emt 0:05:57]} Qd7 {[%emt 0:00:47]} 30. Rhf3 {[%emt 0:03:10]} Rh8 {[%emt 0:01:46]} 31. Nf6 {[%emt 0:02:15]} Bxf6 {[%emt 0:00:16]} 32. Rxf6 {[%emt 0:00:27]} Qxg4 {[%emt 0:00:10]} 33. Rxd6 {[%emt 0:03:00]} Qxg5 {[%emt 0:02:37]} 34. Rdf6 {[%emt 0:05:16]} Rh2 {[%emt 0:01:11]} 35. R6f2 {[%emt 0:03:22]} Rxf2 {[%emt 0:02:25]} 36. Rxf2 {[%emt 0:00:03]} f6 {[%emt 0:00:15]} 37. Kb2 {[%emt 0:00:26]} Rh7 {[%emt 0:01:16]} 38. d6 {[%emt 0:02:25]} Rd7 {[%emt 0:00:43]} 39. Qd5 {[%emt 0:01:17]} Qh4 {[%emt 0:01:58]} 40. Rd2 {[%emt 0:05:03]} Qf4 {[%emt 0:01:04]} 41. b4 {[%emt 0:33:14]} f5 {[%emt 0:30:44]} 42. c5 {[%emt 0:02:10]} bxc5 {[%emt 0:00:21]} 43. bxc5 {[%emt 0:00:05]} Rb7+ {[%emt 0:00:08]} 44. Kc2 {[%emt 0:00:12]} 1-0